Economic returns from selected stimulated tapping systems (Record no. 57599)

MARC details
000 -LEADER
fixed length control field 00422nam a2200133Ia 4500
100 ## - MAIN ENTRY--AUTHOR NAME
Personal name Nayagam J
245 #0 - TITLE STATEMENT
Title Economic returns from selected stimulated tapping systems
260 ## - PUBLICATION, DISTRIBUTION, ETC. (IMPRINT)
Name of publisher Proceedings of the International Rubber Conference, Kuala Lumpur, Malaysia, V.3. 1985; p527-541
650 ## - SUBJECT ADDED ENTRY--TOPICAL TERM
Topical Term Tapping system
700 ## - ADDED ENTRY--PERSONAL NAME
Personal name Abraham P D
700 ## - ADDED ENTRY--PERSONAL NAME
Personal name Wan Y H
942 ## - ADDED ENTRY ELEMENTS (KOHA)
Koha item type Journals
Holdings
Withdrawn status Lost status Damaged status Not for loan Home library Current library Shelving location Date acquired Koha item type
      Journals RRII Library RRII Library Physiology 17/12/2021 Journals